| 000 | 00612nam a2200169 a 4500 | ||
|---|---|---|---|
| 001 | 000039268 | ||
| 005 | 20201002031554.0 | ||
| 008 | 130619s2001 dr 000 0 spa d | ||
| 040 |
_aDO-SdBNP _bspa _cBNPHU |
||
| 100 | 1 |
_aLara Mejía, José Antonio _953391 |
|
| 245 | 1 | 0 |
_aContabilidad práctica universitaria : _bmanual práctico para ser un buen contador / _cJosé Antonio Lara Mejía. |
| 250 | _a2a ed. act. | ||
| 260 |
_aSanto Domingo : _bSomos Artes Gráficas, _c2001. |
||
| 300 |
_a211 p. ; _c22 cm. |
||
| 500 | _aIncluye datos biográficos del autor en la contracubierta | ||
| 504 | _aBibliografía : p. 211 | ||
| 999 |
_c38758 _d38758 |
||